000 00943nam1a2200253 i 4500
001 RU\NLR\BIBL_A\011428253
005 20241103110114.0
035 _a(NLR Aleph) 011428253
090 _a11639336
_c11639336
100 _a20170619g20179999u y0rusy50 ca
101 0 _arus
102 _aRU
105 _a||||z |||||
200 1 _aПуть к себе
_eкак не разочароваться в религии и духовной практике
_fAlex Cosmo
210 _aМосква
_cШкола духовного развития "Путь к себе"
_d2017
215 _d21
606 1 _aПаломничества
_yИндия
_92223667
_3RU\NLR\AUTH\661335069
606 _aВера религиозная
_91268905
_3RU\NLR\AUTH\66204292
686 1 _aЭ247,0
700 1 _7ca
_8rus
_aКосмо
_bА.
_gАлекс
_9176032
_3RU\NLR\AUTH\770176083
852 _aNLR
_j2017-3/17186
942 _cBOOK
980 _aNBR